Vista normal
Vista MARC
- Niños sordos
Entrada Materia
Número de registros utilizados en: 5
001 - NÚMERO DE CONTROL
- campo de control: 444
003 - IDENTIFICADOR DEL NÚMERO DE CONTROL
- campo de control: ES-MaFIAP
005 - FECHA Y HORA DE LA ÚLTIMA TRANSACCIÓN
- campo de control: 20220928135506.0
008 - DATOS DE LONGITUD FIJA
- campo de control de longitud fija: 220928|| aca||aabn | a|a d
040 ## - FUENTE DE LA CATALOGACIÓN
- Centro catalogador/agencia de origen: ES-MaFIAP
- Centro/agencia transcriptor: ES-MaFIAP
150 ## - ENCABEZAMIENTO--TÉRMINO DE MATERIA
- Término de materia o nombre geográfico como elemento de entrada: Niños sordos
- Subdivisión general: Educación
- Subdivisión de forma: Congresos y asambleas
670 ## - FUENTE DE DATOS ENCONTRADOS
- Cita de la fuente: Work cat.: (ES-MaFIAP)147: Jornada Científica de Reflexión 2ª 2016 Madrid autor aut 443, Estudios sobre la situación del alumnado con sordera en España [Texto impreso] /





